000 00811cam a22002413a 4500
001 4334
003 PGUSA
005 20140828083052.0
008 030801s2003||||xxu|||||s|||||000 | eng d
040 _aPGUSA
_beng
042 _adc
050 4 _aHF
100 1 _aMalthus, T. R.
_q(Thomas Robert),
_d1766-1834
245 1 0 _aObservations on the Effects of the Corn Laws, and of a Rise or Fall in the Price of Corn on the Agriculture and General Wealth of the Country
_h[electronic resource] /
_cT. R. Malthus
260 _bProject Gutenberg,
_c2003
506 _aPublic domain in the USA.
516 _aElectronic text
653 _aGrain trade -- Great Britain
653 _aCorn laws (Great Britain)
830 0 _aProject Gutenberg
_v4334
856 4 0 _uhttp://www.gutenberg.org/ebooks/4334
942 _cEB
999 _c233663
_d233663